[Event "43. Olimpiada Batumi 2018 Femenina"]
[Site "Batumi GEO"]
[Date "2018.10.02"]
[Round "8.3"]
[White "Batsiashvili, Nino"]
[Black "Nakhbayeva, Guliskhan"]
[Result "1/2-1/2"]
[WhiteElo "2482"]
[BlackElo "2394"]
[PlyCount "104"]
[EventDate "2018.09.24"]
[EventType "team-swiss"]
[EventRounds "11"]
[EventCountry "GEO"]
[SourceTitle "Ajedrez en Madrid"]
[Source "lmi"]
[SourceDate "2018.09.24"]
[WhiteTeam "Georgia 1"]
[BlackTeam "Kazakhstan"]
[BlackTeamCountry "KAZ"]

1. d4 Nf6 2. Bg5 d5 3. e3 c5 4. Bxf6 gxf6 5. dxc5 Qa5+ 6. Nd2 Nc6 7. c4 d4 8.
e4 Bh6 9. a3 f5 10. b4 Nxb4 11. axb4 Bxd2+ 12. Kxd2 Qxb4+ 13. Kc1 Qc3+ 14. Kb1
fxe4 15. Qc2 Qb4+ 16. Qb2 Qxc5 17. Ne2 e5 18. Ng3 f5 19. Qb5+ Qxb5+ 20. cxb5
Be6 21. f3 O-O-O 22. fxe4 fxe4 23. Nxe4 d3 24. Rxa7 Bf5 25. Ra4 Kc7 26. Kc1 Kb6
27. Kd2 Rd7 28. g4 Bg6 29. Bg2 Rc8 30. Nc3 Rd4 31. Rxd4 exd4 32. Nd5+ Kxb5 33.
Rb1+ Ka5 34. Rb2 Rf8 35. h4 Rf2+ 36. Kc1 Rxb2 37. Kxb2 d2 38. Bf3 Be4 39. Bd1
Bxd5 40. Kc2 Kb4 41. Kxd2 h6 42. Bc2 b5 43. g5 hxg5 44. hxg5 Bg8 45. g6 Kc5 46.
Kc1 Kd6 47. Kb2 Ke7 48. Ka3 Kf6 49. Kb4 Bc4 50. Be4 Ke5 51. Bb1 Kf6 52. Be4 Ke5
1/2-1/2

[Event "43. Olimpiada Batumi 2018 Femenina"]
[Site "Batumi GEO"]
[Date "2018.10.02"]
[Round "8.4"]
[White "Dauletova, Gulmira"]
[Black "Arabidze, Meri"]
[Result "1-0"]
[WhiteElo "2263"]
[BlackElo "2404"]
[PlyCount "87"]
[EventDate "2018.09.24"]
[EventType "team-swiss"]
[EventRounds "11"]
[EventCountry "GEO"]
[SourceTitle "Ajedrez en Madrid"]
[Source "lmi"]
[SourceDate "2018.09.24"]
[WhiteTeam "Kazakhstan"]
[BlackTeam "Georgia 1"]
[WhiteTeamCountry "KAZ"]

1. e4 e5 2. Nf3 Nc6 3. Bb5 a6 4. Ba4 b5 5. Bb3 g6 6. d4 exd4 7. Nxd4 Na5 8. a4
b4 9. Ba2 Bg7 10. O-O Ne7 11. c3 Rb8 12. Nd2 bxc3 13. bxc3 O-O 14. Nc4 Nxc4 15.
Bxc4 Bb7 16. Ba3 d6 17. Qd3 Qc8 18. Rfe1 c5 19. Ne2 Qc6 20. Nf4 Be5 21. Bc1 Qc7
22. Bd2 a5 23. Rab1 Bc6 24. Bb5 Bxb5 25. axb5 c4 26. Nd5 Nxd5 27. Qxd5 a4 28.
Rb4 a3 29. Ra1 Qa5 30. Qxc4 Ra8 31. b6 Rab8 32. Qb3 Qa6 33. Qxa3 Qd3 34. Qb2 d5
35. exd5 Qxd5 36. Be3 Rfd8 37. Bd4 Bd6 38. Rb5 Qe4 39. g3 Rb7 40. Qc1 Bf8 41.
Qe1 Qd3 42. Qe5 f6 43. Qe6+ Rf7 44. Ra7 1-0

[Event "43. Olimpiada Batumi 2018 Femenina"]
[Site "Batumi GEO"]
[Date "2018.10.02"]
[Round "8.2"]
[White "Goryachkina, Aleksandra"]
[Black "Lanchava, Tea"]
[Result "1-0"]
[WhiteElo "2535"]
[BlackElo "2339"]
[PlyCount "45"]
[EventDate "2018.09.24"]
[EventType "team-swiss"]
[EventRounds "11"]
[EventCountry "GEO"]
[SourceTitle "Ajedrez en Madrid"]
[Source "lmi"]
[SourceDate "2018.09.24"]
[WhiteTeam "Russia"]
[BlackTeam "Netherlands"]
[WhiteTeamCountry "RUS"]
[BlackTeamCountry "NED"]

1. d4 d6 2. e4 Nf6 3. Nc3 g6 4. Be3 a6 5. Nf3 b5 6. e5 Ng4 7. Ng5 Nxe3 8. fxe3
Bb7 9. e6 fxe6 10. Nxe6 Qc8 11. d5 c6 12. e4 Nd7 13. Be2 Ne5 14. O-O Qb8 15.
dxc6 Bxc6 16. Nd5 Qa7+ 17. Kh1 Rc8 18. Qd2 h5 19. a4 Bh6 20. Qa5 bxa4 21. Bxa6
Nc4 22. Qc3 Qxa6 23. Nec7+ 1-0

[Event "43. Olimpiada Batumi 2018 Femenina"]
[Site "Batumi GEO"]
[Date "2018.10.02"]
[Round "8.3"]
[White "Paulet, Iozefina"]
[Black "Pogonina, Natalija"]
[Result "0-1"]
[WhiteElo "2275"]
[BlackElo "2469"]
[PlyCount "64"]
[EventDate "2018.09.24"]
[EventType "team-swiss"]
[EventRounds "11"]
[EventCountry "GEO"]
[SourceTitle "Ajedrez en Madrid"]
[Source "lmi"]
[SourceDate "2018.09.24"]
[WhiteTeam "Netherlands"]
[BlackTeam "Russia"]
[WhiteTeamCountry "NED"]
[BlackTeamCountry "RUS"]

1. e4 e5 2. Nf3 Nc6 3. Bc4 Bc5 4. d3 Nf6 5. Nc3 h6 6. O-O O-O 7. Be3 Be7 8. Nd5
d6 9. Nxe7+ Nxe7 10. h3 Ng6 11. d4 Nxe4 12. Bd3 exd4 13. Bxh6 d5 14. Bc1 c5 15.
Bxe4 dxe4 16. Ng5 Bf5 17. Qh5 Ne7 18. Re1 Bg6 19. Qg4 Qd5 20. c4 Qc6 21. Qf4
Rae8 22. Bd2 Nc8 23. h4 Nd6 24. b3 f6 25. Nh3 Bf5 26. Qg3 e3 27. fxe3 Ne4 28.
Qf4 Bxh3 29. exd4 g5 30. Qe3 Bf5 31. Qf3 Qd7 32. Be3 Bg4 0-1

[Event "43. Olimpiada Batumi 2018 Femenina"]
[Site "Batumi GEO"]
[Date "2018.10.02"]
[Round "8.4"]
[White "Girya, Olga"]
[Black "Ratsma, Rosa"]
[Result "1-0"]
[WhiteElo "2462"]
[BlackElo "2260"]
[PlyCount "51"]
[EventDate "2018.09.24"]
[EventType "team-swiss"]
[EventRounds "11"]
[EventCountry "GEO"]
[SourceTitle "Ajedrez en Madrid"]
[Source "lmi"]
[SourceDate "2018.09.24"]
[WhiteTeam "Russia"]
[BlackTeam "Netherlands"]
[WhiteTeamCountry "RUS"]
[BlackTeamCountry "NED"]

1. d4 Nf6 2. c4 e6 3. Nc3 Bb4 4. Qc2 O-O 5. a3 Bxc3+ 6. Qxc3 d5 7. Bg5 dxc4 8.
Qxc4 b6 9. Rd1 Ba6 10. Qa4 h6 11. Bh4 c6 12. f3 Bb5 13. Qc2 Qe7 14. e4 Bxf1 15.
Kxf1 g5 16. Bf2 Nfd7 17. h4 Kg7 18. hxg5 hxg5 19. Ne2 Rg8 20. d5 c5 21. dxe6
Qxe6 22. Ng3 Kf8 23. Nf5 g4 24. Rd6 gxf3 25. gxf3 Qe5 26. Qd2 1-0

[Event "43. Olimpiada Batumi 2018 Femenina"]
[Site "Batumi GEO"]
[Date "2018.10.02"]
[Round "8.1"]
[White "Khademalsharieh, Sarasadat"]
[Black "Cori T., Deysi"]
[Result "1-0"]
[WhiteElo "2431"]
[BlackElo "2391"]
[PlyCount "99"]
[EventDate "2018.09.24"]
[EventType "team-swiss"]
[EventRounds "11"]
[EventCountry "GEO"]
[SourceTitle "Ajedrez en Madrid"]
[Source "lmi"]
[SourceDate "2018.09.24"]
[WhiteTeam "Iran"]
[BlackTeam "Peru"]
[WhiteTeamCountry "IRI"]
[BlackTeamCountry "PER"]

1. d4 Nf6 2. c4 e6 3. Nf3 d5 4. Nc3 Be7 5. Bf4 O-O 6. Rc1 Ne4 7. Qc2 Nxc3 8.
Qxc3 c5 9. dxc5 Bxc5 10. cxd5 Na6 11. a3 Qxd5 12. e3 Be7 13. Bc4 Qh5 14. b4 Bd7
15. O-O Rac8 16. Qd4 Bc6 17. Bxa6 Rcd8 18. Qe5 Bxf3 19. gxf3 Qg6+ 20. Kh1 bxa6
21. Rg1 Bf6 22. Qa5 Qd3 23. Rc6 Qe2 24. Kg2 Bh4 25. Rf1 Rd1 26. Qxa6 Rd2 27.
Qxe2 Rxe2 28. Ra6 Rd8 29. Rxa7 f6 30. Bg3 Bxg3 31. Kxg3 h5 32. h4 Kh7 33. Rc1
Kh6 34. b5 Rdd2 35. Rf1 Rb2 36. a4 e5 37. Ra6 Rb4 38. b6 g5 39. hxg5+ Kxg5 40.
a5 Ra2 41. Ra7 Rab2 42. Rc1 h4+ 43. Kg2 h3+ 44. Kg3 f5 45. f4+ exf4+ 46. exf4+
Kh5 47. Rh7+ Kg6 48. Rhc7 Kh5 49. R1c6 R4b3+ 50. f3 1-0

[Event "43. Olimpiada Batumi 2018 Femenina"]
[Site "Batumi GEO"]
[Date "2018.10.02"]
[Round "8.2"]
[White "Paredes Bustamante, Paula Elizab"]
[Black "Alinasab, Mobina"]
[Result "0-1"]
[WhiteElo "2151"]
[BlackElo "2261"]
[PlyCount "78"]
[EventDate "2018.09.24"]
[EventType "team-swiss"]
[EventRounds "11"]
[EventCountry "GEO"]
[SourceTitle "Ajedrez en Madrid"]
[Source "lmi"]
[SourceDate "2018.09.24"]
[WhiteTeam "Peru"]
[BlackTeam "Iran"]
[WhiteTeamCountry "PER"]
[BlackTeamCountry "IRI"]

1. e4 e6 2. d4 d5 3. Nd2 Be7 4. Ngf3 Nf6 5. e5 Nfd7 6. Bd3 c5 7. c3 Nc6 8. O-O
a5 9. a4 Qb6 10. dxc5 Qc7 11. Bb5 O-O 12. Re1 Ndxe5 13. Nb3 Ng4 14. g3 e5 15.
h3 Nf6 16. Bxc6 bxc6 17. Nxe5 Ne4 18. Nd3 Ba6 19. Bf4 Qc8 20. Kg2 Bc4 21. Ne5
Bxb3 22. Qxb3 Bxc5 23. Rxe4 dxe4 24. Qc4 Bd6 25. Nxf7 Rxf7 26. Bxd6 Qf5 27. Bf4
Qd5 28. Qxd5 cxd5 29. Rd1 Rd7 30. Rd4 Rc8 31. f3 exf3+ 32. Kxf3 Rc4 33. Rd3
Rxa4 34. Ke3 Kf7 35. b3 Re4+ 36. Kf3 a4 37. c4 axb3 38. c5 Rc4 39. Bd6 b2 0-1

[Event "43. Olimpiada Batumi 2018 Femenina"]
[Site "Batumi GEO"]
[Date "2018.10.02"]
[Round "8.3"]
[White "Asadi, Motahare"]
[Black "Zarate Oyague, Flor De Maria"]
[Result "1-0"]
[WhiteElo "2135"]
[BlackElo "2039"]
[PlyCount "61"]
[EventDate "2018.09.24"]
[EventType "team-swiss"]
[EventRounds "11"]
[EventCountry "GEO"]
[SourceTitle "Ajedrez en Madrid"]
[Source "lmi"]
[SourceDate "2018.09.24"]
[WhiteTeam "Iran"]
[BlackTeam "Peru"]
[WhiteTeamCountry "IRI"]
[BlackTeamCountry "PER"]

1. e4 c5 2. Nf3 d6 3. d4 cxd4 4. Nxd4 Nf6 5. Nc3 a6 6. Bg5 Nbd7 7. Qe2 h6 8.
Bh4 g6 9. O-O-O Bg7 10. f4 Qc7 11. g4 b5 12. a3 Nb6 13. h3 O-O 14. Bg2 Bb7 15.
Bg3 Nfd7 16. h4 Nc4 17. Nd5 Bxd5 18. exd5 Rfc8 19. Be1 Ne3 20. Nc6 Nxd1 21.
Qxd1 Nc5 22. h5 a5 23. Qe2 Re8 24. hxg6 fxg6 25. Be4 Nxe4 26. Qxe4 e6 27. dxe6
d5 28. Qxg6 Qxc6 29. Qf7+ Kh8 30. Bc3 d4 31. Rxh6+ 1-0

[Event "43. Olimpiada Batumi 2018 Femenina"]
[Site "Batumi GEO"]
[Date "2018.10.02"]
[Round "8.4"]
[White "Chumpitaz, Ann"]
[Black "Zahedifar, Anahita"]
[Result "1/2-1/2"]
[WhiteElo "2222"]
[BlackElo "2101"]
[PlyCount "55"]
[EventDate "2018.09.24"]
[EventType "team-swiss"]
[EventRounds "11"]
[EventCountry "GEO"]
[SourceTitle "Ajedrez en Madrid"]
[Source "lmi"]
[SourceDate "2018.09.24"]
[WhiteTeam "Peru"]
[BlackTeam "Iran"]
[WhiteTeamCountry "PER"]
[BlackTeamCountry "IRI"]

1. e4 c6 2. d4 d5 3. e5 Bf5 4. g4 Be4 5. f3 Bg6 6. e6 Qd6 7. exf7+ Bxf7 8. f4
Nf6 9. Nc3 Qe6+ 10. Be2 g6 11. h3 h5 12. g5 Ne4 13. Nxe4 dxe4 14. Be3 Bg7 15.
c4 Nd7 16. Qc2 Nb6 17. b3 Qf5 18. Rd1 Rd8 19. Bf1 Qa5+ 20. Kf2 O-O 21. Ne2 Be6
22. Kg1 Nc8 23. Bd2 Qf5 24. Be3 Qa5 25. Bd2 Qf5 26. Be3 Qa5 27. Bd2 Qf5 28. Be3
1/2-1/2

[Event "43. Olimpiada Batumi 2018 Femenina"]
[Site "Batumi GEO"]
[Date "2018.10.02"]
[Round "8.1"]
[White "Socko, Monika"]
[Black "Munguntuul, Batkhuyag"]
[Result "0-1"]
[WhiteElo "2446"]
[BlackElo "2422"]
[PlyCount "146"]
[EventDate "2018.09.24"]
[EventType "team-swiss"]
[EventRounds "11"]
[EventCountry "GEO"]
[SourceTitle "Ajedrez en Madrid"]
[Source "lmi"]
[SourceDate "2018.09.24"]
[WhiteTeam "Poland"]
[BlackTeam "Mongolia"]
[WhiteTeamCountry "POL"]
[BlackTeamCountry "MGL"]

1. e4 c5 2. Nf3 e6 3. d4 cxd4 4. Nxd4 Nc6 5. Nc3 Qc7 6. f4 a6 7. Nxc6 bxc6 8.
Bd3 d5 9. O-O Nf6 10. Qe2 Be7 11. Bd2 Bb7 12. Rae1 dxe4 13. Nxe4 Nxe4 14. Bxe4
O-O 15. Bc3 g6 16. f5 exf5 17. Bxf5 Bb4 18. Bxb4 Qb6+ 19. Kh1 Qxb4 20. a3 Qb6
21. Bd3 a5 22. Qf3 c5 23. Qf2 Bd5 24. Re5 Rad8 25. b3 Qd6 26. Qe3 a4 27. bxa4
c4 28. Be2 Qc6 29. Bf3 Bxf3 30. Qxf3 Qxf3 31. gxf3 Rd2 32. a5 Rxc2 33. Rfe1 Ra2
34. R1e3 Kg7 35. a6 Rb8 36. a7 Rb1+ 37. Re1 Rxe1+ 38. Rxe1 Rxa3 39. Re7 c3 40.
Kg2 c2 41. Rc7 Rxa7 42. Rxc2 Ra4 43. Rc5 h6 44. Kg3 g5 45. Rb5 Kg6 46. Rb6+ f6
47. Rb2 h5 48. Rc2 Ra3 49. Kg2 Rd3 50. Rb2 g4 51. fxg4 hxg4 52. Rb5 f5 53. Rb4
Kg5 54. Rb5 Kf4 55. Rb4+ Ke5 56. Rb8 Ke4 57. Re8+ Kf4 58. Re2 Kg5 59. Re5 Kf6
60. Re8 Ra3 61. Rb8 f4 62. Rb5 Ra2+ 63. Kg1 Re2 64. Ra5 f3 65. Rb5 Kg6 66. Rb6+
Kg5 67. Rb5+ Kf4 68. Rb4+ Re4 69. Rb1 Rd4 70. Ra1 g3 71. hxg3+ Kxg3 72. Rb1 Rd2
73. Rc1 Rg2+ 0-1

[Event "43. Olimpiada Batumi 2018 Femenina"]
[Site "Batumi GEO"]
[Date "2018.10.02"]
[Round "8.2"]
[White "Nomin-Erdene, Davaademberel"]
[Black "Zawadzka, Jolanta"]
[Result "1-0"]
[WhiteElo "2377"]
[BlackElo "2424"]
[PlyCount "97"]
[EventDate "2018.09.24"]
[EventType "team-swiss"]
[EventRounds "11"]
[EventCountry "GEO"]
[SourceTitle "Ajedrez en Madrid"]
[Source "lmi"]
[SourceDate "2018.09.24"]
[WhiteTeam "Mongolia"]
[BlackTeam "Poland"]
[WhiteTeamCountry "MGL"]
[BlackTeamCountry "POL"]

1. e4 c5 2. Nf3 d6 3. d4 cxd4 4. Nxd4 Nf6 5. Nc3 a6 6. h4 e5 7. Nb3 Be6 8. f4
h5 9. f5 Bd7 10. Bg5 Be7 11. Be2 Bc6 12. Bxf6 Bxf6 13. g3 a5 14. a4 g6 15. fxg6
fxg6 16. Bc4 Na6 17. Nb5 Ke7 18. Qe2 Nc7 19. Nc3 Bd7 20. Qd3 Rf8 21. O-O-O Bg4
22. Rd2 Bg7 23. Qe3 Rf6 24. Kb1 Qe8 25. Bb5 Qf8 26. Qb6 Qc8 27. Nxa5 Bh6 28.
Rd3 d5 29. Qxc7+ Qxc7 30. Nxd5+ Kf7 31. Nxc7 Rxa5 32. Ne8 Rf2 33. Nd6+ Ke7 34.
Nxb7 Ra7 35. Nd8 Rc7 36. Nc6+ Kf8 37. Rd6 Bf3 38. Re1 Kg7 39. a5 Bd2 40. Rf1
Rxf1+ 41. Bxf1 Be1 42. Bd3 g5 43. Nxe5 g4 44. Rg6+ Kh7 45. Rg5 Kh6 46. Nxf3
gxf3 47. e5 Rc6 48. a6 Bf2 49. Rf5 1-0

[Event "43. Olimpiada Batumi 2018 Femenina"]
[Site "Batumi GEO"]
[Date "2018.10.02"]
[Round "8.3"]
[White "Szczepkowska, Karina"]
[Black "Munkhzul, Turmunkh"]
[Result "1-0"]
[WhiteElo "2407"]
[BlackElo "2149"]
[PlyCount "185"]
[EventDate "2018.09.24"]
[EventType "team-swiss"]
[EventRounds "11"]
[EventCountry "GEO"]
[SourceTitle "Ajedrez en Madrid"]
[Source "lmi"]
[SourceDate "2018.09.24"]
[WhiteTeam "Poland"]
[BlackTeam "Mongolia"]
[WhiteTeamCountry "POL"]
[BlackTeamCountry "MGL"]

1. d4 d5 2. c4 c6 3. Nf3 Nf6 4. e3 e6 5. Nbd2 Nbd7 6. Bd3 Bd6 7. O-O O-O 8. e4
dxe4 9. Nxe4 Nxe4 10. Bxe4 Nf6 11. Bc2 c5 12. Qd3 h6 13. Rd1 Qc7 14. dxc5 Bxc5
15. b4 Be7 16. Bb2 Rd8 17. Qb3 Bd7 18. Be5 Qc8 19. Nd4 a5 20. b5 Qc5 21. Nf3
Rac8 22. Rac1 Be8 23. Rxd8 Rxd8 24. h3 Qb6 25. Bb1 Nh7 26. a4 Bc5 27. Qb2 f6
28. Bc3 Bh5 29. g4 Bf7 30. Qe2 Qc7 31. Kg2 Nf8 32. Be4 b6 33. Rc2 h5 34. Rd2
hxg4 35. hxg4 Re8 36. Nh4 g5 37. Nf3 Qf4 38. Ng1 Bxf2 39. Qf3 Be1 40. Qxf4 gxf4
41. Rd3 Bxc3 42. Rxc3 Rc8 43. c5 e5 44. c6 Rc7 45. Nf3 Be6 46. Nd2 Kf7 47. Rd3
Bxg4 48. Nc4 Ne6 49. Nxb6 Nc5 50. Bd5+ Ke7 51. Rd2 e4 52. Bc4 e3 53. Rd4 f3+
54. Kg3 e2 55. Kf2 f5 56. Nd5+ Kd8 57. Nxc7+ Kxc7 58. Bd5 Kb6 59. Ke1 Kc7 60.
Rd2 Nxa4 61. Rc2 Nb6 62. Be6 a4 63. Bg8 Bh5 64. Be6 Bg4 65. Rc3 Na8 66. Kf2 Kb6
67. Bc4 Nc7 68. Rc1 f4 69. Ra1 Ka5 70. Rxa4+ Kb6 71. Ra1 Kc5 72. Rb1 Kb6 73.
Rg1 Bh5 74. Rg8 Be8 75. Rf8 Kc5 76. Rxf4 Bg6 77. Rg4 Bc2 78. Rf4 Ba4 79. Rf7
Kb6 80. Rf5 Ka5 81. Ke1 Kb6 82. Kf2 Bd1 83. Rf8 Ba4 84. Rb8+ Kc5 85. b6 Kxc6
86. bxc7 Kxc7 87. Rf8 Bc6 88. Be6 Kd6 89. Bg4 Ke7 90. Rf4 Kd6 91. Bxf3 Ke5 92.
Rf8 Bd7 93. Kxe2 1-0

[Event "43. Olimpiada Batumi 2018 Femenina"]
[Site "Batumi GEO"]
[Date "2018.10.02"]
[Round "8.4"]
[White "Batchimeg, Tuvshintugs"]
[Black "Kulon, Klaudia"]
[Result "1-0"]
[WhiteElo "2367"]
[BlackElo "2347"]
[PlyCount "105"]
[EventDate "2018.09.24"]
[EventType "team-swiss"]
[EventRounds "11"]
[EventCountry "GEO"]
[SourceTitle "Ajedrez en Madrid"]
[Source "lmi"]
[SourceDate "2018.09.24"]
[WhiteTeam "Mongolia"]
[BlackTeam "Poland"]
[WhiteTeamCountry "MGL"]
[BlackTeamCountry "POL"]

1. d4 Nf6 2. c4 g6 3. Nc3 Bg7 4. g3 O-O 5. Bg2 d6 6. Nf3 Nc6 7. O-O Bg4 8. h3
Bxf3 9. exf3 e5 10. dxe5 Nxe5 11. b3 Nfd7 12. Bb2 Nc5 13. Rb1 g5 14. Ne2 Ng6
15. Nd4 a5 16. Qc2 Be5 17. Nf5 h5 18. h4 gxh4 19. f4 Bf6 20. Qe2 Re8 21. Qxh5
Bxb2 22. Nh6+ Kf8 23. Rxb2 Qf6 24. Rd2 Ne4 25. Bxe4 Rxe4 26. Rd5 Ne7 27. Ng4
Qg6 28. Qh8+ Qg8 29. Rh5 Ra7 30. Qxg8+ Nxg8 31. Rh8 Rd4 32. Nh6 Kg7 33. Rxg8+
Kxh6 34. Kg2 Kh7 35. Rg4 d5 36. cxd5 Rxd5 37. Rc1 c5 38. Rxh4+ Kg7 39. Rg4+ Kf6
40. Rg5 Rd2 41. Rcxc5 Rxa2 42. Rc7 Ra6 43. Rb5 Rd6 44. Rbxb7 Rdd2 45. Rxf7+ Kg6
46. Kh3 a4 47. Kg4 Rd4 48. bxa4 Raxa4 49. Rfc7 Rd6 50. Rg7+ Kh6 51. Rh7+ Kg6
52. Rbg7+ Kf6 53. Rh6+ 1-0

[Event "43. Olimpiada Batumi 2018 Femenina"]
[Site "Batumi GEO"]
[Date "2018.10.02"]
[Round "8.1"]
[White "Vo, Thi Kim Phung"]
[Black "Ordaz Valdes, Lisandra Teresa"]
[Result "0-1"]
[WhiteElo "2368"]
[BlackElo "2415"]
[PlyCount "62"]
[EventDate "2018.09.24"]
[EventType "team-swiss"]
[EventRounds "11"]
[EventCountry "GEO"]
[SourceTitle "Ajedrez en Madrid"]
[Source "lmi"]
[SourceDate "2018.09.24"]
[WhiteTeam "Vietnam"]
[BlackTeam "Cuba"]
[WhiteTeamCountry "VIE"]
[BlackTeamCountry "CUB"]

1. Nf3 d5 2. g3 e6 3. Bg2 Nf6 4. c4 Be7 5. O-O O-O 6. d4 dxc4 7. Ne5 Nc6 8.
Bxc6 bxc6 9. Nxc6 Qe8 10. Nxe7+ Qxe7 11. Qa4 c5 12. Qxc4 cxd4 13. Qxd4 e5 14.
Qh4 Rb8 15. a3 Rd8 16. Nc3 Bf5 17. e4 Be6 18. f3 Qc5+ 19. Kg2 Rd3 20. g4 Rxc3
21. bxc3 Qxc3 22. Be3 Qxe3 23. Qf2 Nxg4 24. fxg4 Qxe4+ 25. Qf3 Rb2+ 26. Rf2
Rxf2+ 27. Kxf2 Qd4+ 28. Kg3 Bd5 29. Qd1 Qe3+ 30. Kh4 Qf2+ 31. Kh5 Qxh2+ 0-1

[Event "43. Olimpiada Batumi 2018 Femenina"]
[Site "Batumi GEO"]
[Date "2018.10.02"]
[Round "8.2"]
[White "Marrero Lopez, Yaniet"]
[Black "Pham, Le Thao Nguyen"]
[Result "0-1"]
[WhiteElo "2281"]
[BlackElo "2347"]
[PlyCount "174"]
[EventDate "2018.09.24"]
[EventType "team-swiss"]
[EventRounds "11"]
[EventCountry "GEO"]
[SourceTitle "Ajedrez en Madrid"]
[Source "lmi"]
[SourceDate "2018.09.24"]
[WhiteTeam "Cuba"]
[BlackTeam "Vietnam"]
[WhiteTeamCountry "CUB"]
[BlackTeamCountry "VIE"]

1. e4 c5 2. Nf3 e6 3. d4 cxd4 4. Nxd4 a6 5. c4 Nf6 6. Nc3 Qc7 7. Be2 b6 8. O-O
Bb7 9. f3 Nc6 10. Be3 Nxd4 11. Qxd4 Bc5 12. Qd2 Qf4 13. Nd1 O-O 14. Rf2 Bxe3
15. Qxe3 Qxe3 16. Nxe3 d6 17. Rd1 Rfd8 18. Bf1 Kf8 19. Rfd2 Ke7 20. Nc2 g5 21.
a4 a5 22. Nd4 Ne8 23. Bd3 h6 24. Kf2 Rac8 25. Ke3 Bc6 26. b3 Bd7 27. g3 e5 28.
Ne2 Bc6 29. Bc2 Nf6 30. Nc3 Rd7 31. Bd3 Rg8 32. Bf1 h5 33. Rb2 Ra7 34. Rbd2 Rd7
35. Rb2 Rdd8 36. b4 axb4 37. Rxb4 Nd7 38. Nd5+ Bxd5 39. cxd5 Rc8 40. Bb5 Rc3+
41. Rd3 Rxd3+ 42. Kxd3 Nc5+ 43. Ke3 Kd8 44. Bc6 Kc7 45. Rb2 f6 46. Rf2 Rg7 47.
Rb2 Re7 48. Ra2 Kb8 49. Rb2 Ka7 50. Rb5 Ka6 51. Rb2 Rg7 52. h3 Rg8 53. Rb1 Rf8
54. Bb5+ Ka5 55. Bc6 g4 56. hxg4 hxg4 57. fxg4 Rg8 58. Kf3 Rh8 59. Rb5+ Ka6 60.
Rb2 Rh1 61. Rf2 Re1 62. Bb5+ Ka5 63. Kg2 Nxe4 64. Rf3 Rd1 65. Bc6 Rd2+ 66. Kg1
Kb4 67. Kf1 Rb2 68. Ke1 Rg2 69. g5 fxg5 70. Re3 Nxg3 71. Bd7 Nh5 72. Kf1 Rd2
73. Rh3 Nf4 74. Rg3 Nxd5 75. Rxg5 Nc3 76. Rg8 e4 77. Re8 Kc5 78. Rc8+ Kd4 79.
Rc6 d5 80. Rxb6 Ra2 81. Rb8 Ke3 82. Bc6 d4 83. Rb3 Kd3 84. Bd7 e3 85. Bf5+ Kd2
86. Bg4 d3 87. Kg2 e2 0-1

[Event "43. Olimpiada Batumi 2018 Femenina"]
[Site "Batumi GEO"]
[Date "2018.10.02"]
[Round "8.3"]
[White "Hoang, Thi Bao Tram"]
[Black "Arribas Robaina, Maritza"]
[Result "1/2-1/2"]
[WhiteElo "2323"]
[BlackElo "2243"]
[PlyCount "61"]
[EventDate "2018.09.24"]
[EventType "team-swiss"]
[EventRounds "11"]
[EventCountry "GEO"]
[SourceTitle "Ajedrez en Madrid"]
[Source "lmi"]
[SourceDate "2018.09.24"]
[WhiteTeam "Vietnam"]
[BlackTeam "Cuba"]
[WhiteTeamCountry "VIE"]
[BlackTeamCountry "CUB"]

1. d4 d6 2. g3 g6 3. Bg2 Bg7 4. Nf3 Nf6 5. O-O O-O 6. Nbd2 c5 7. c4 Nc6 8. d5
Na5 9. e4 a6 10. Re1 Nd7 11. Bf1 Rb8 12. a4 e6 13. Nb3 Nxb3 14. Qxb3 Ne5 15.
Nxe5 Bxe5 16. Be3 exd5 17. exd5 Re8 18. f4 Bf6 19. Bf2 Bd7 20. Rxe8+ Bxe8 21.
Ra2 Bd7 22. Qd1 h5 23. b3 a5 24. Bd3 Qf8 25. Be4 Re8 26. Bf3 b6 27. Kg2 Qe7 28.
Re2 Qd8 29. h3 Rxe2 30. Qxe2 Qe7 31. g4 1/2-1/2

[Event "43. Olimpiada Batumi 2018 Femenina"]
[Site "Batumi GEO"]
[Date "2018.10.02"]
[Round "8.4"]
[White "Llaudy Pupo, Lisandra"]
[Black "Nguyen, Thi Mai Hung"]
[Result "1/2-1/2"]
[WhiteElo "2294"]
[BlackElo "2244"]
[PlyCount "82"]
[EventDate "2018.09.24"]
[EventType "team-swiss"]
[EventRounds "11"]
[EventCountry "GEO"]
[SourceTitle "Ajedrez en Madrid"]
[Source "lmi"]
[SourceDate "2018.09.24"]
[WhiteTeam "Cuba"]
[BlackTeam "Vietnam"]
[WhiteTeamCountry "CUB"]
[BlackTeamCountry "VIE"]

1. e4 e6 2. d4 d5 3. Nd2 c5 4. exd5 exd5 5. dxc5 Bxc5 6. Nb3 Bb6 7. Nf3 Nc6 8.
Bd3 Bg4 9. O-O Nge7 10. Re1 Qd7 11. Bg5 f6 12. Be3 Bc7 13. Bc5 O-O 14. Bb5 Bd6
15. h3 Bh5 16. Bxd6 Qxd6 17. Be2 Rfe8 18. Nfd4 Bg6 19. Nb5 Qd8 20. Bh5 Ne5 21.
Bxg6 hxg6 22. Nc3 Rc8 23. Qe2 a6 24. Rad1 Qd7 25. Kh1 Nc4 26. Qf3 Nxb2 27. Rd4
Rc4 28. Nxd5 Rxd4 29. Nxd4 Nxd5 30. Rxe8+ Qxe8 31. Qxd5+ Kh7 32. Ne6 b5 33. f4
Nc4 34. f5 gxf5 35. Qxf5+ Kg8 36. Qg4 Qd7 37. Qe4 Qd1+ 38. Kh2 Qd6+ 39. Kh1
Qd1+ 40. Kh2 Qd6+ 41. Kh1 Qd1+ 1/2-1/2

[Event "43. Olimpiada Batumi 2018 Femenina"]
[Site "Batumi GEO"]
[Date "2018.10.02"]
[Round "8.1"]
[White "Tokhirjonova, Gulrukhbegim"]
[Black "Olsarova, Karolina"]
[Result "1-0"]
[WhiteElo "2369"]
[BlackElo "2303"]
[PlyCount "83"]
[EventDate "2018.09.24"]
[EventType "team-swiss"]
[EventRounds "11"]
[EventCountry "GEO"]
[SourceTitle "Ajedrez en Madrid"]
[Source "lmi"]
[SourceDate "2018.09.24"]
[WhiteTeam "Uzbekistan"]
[BlackTeam "Czech Republic"]
[WhiteTeamCountry "UZB"]
[BlackTeamCountry "CZE"]

1. e4 e5 2. Nf3 Nc6 3. Bb5 Nf6 4. d3 Bc5 5. Bxc6 dxc6 6. Qe2 Qe7 7. Nbd2 Bg4 8.
h3 Bh5 9. a3 Nd7 10. b4 Bd6 11. g4 Bg6 12. Nc4 c5 13. b5 Nf8 14. Be3 f6 15. Nh4
Qd7 16. a4 a6 17. b6 Ne6 18. Nf5 Bf7 19. Qd1 Bf8 20. bxc7 Qxc7 21. a5 g6 22.
Nb6 Rb8 23. Ng3 Nd4 24. Ne2 Bd6 25. Nc3 Qd8 26. Ncd5 Bxd5 27. Nxd5 Bc7 28. c3
Ne6 29. Qb3 Kf7 30. Ke2 Re8 31. h4 Kg7 32. g5 f5 33. Nf6 Re7 34. Nd5 Re8 35.
Rag1 Nf4+ 36. Bxf4 exf4 37. f3 Be5 38. h5 Qxa5 39. hxg6 hxg6 40. Nf6 Bxf6 41.
Rh7+ Kxh7 42. Qf7+ 1-0